Sociología y subdesarrollo
Αποθηκεύτηκε σε:
| Κύριος συγγραφέας: | |
|---|---|
| Μορφή: | Κείμενο |
| Έκδοση: |
México, D.F:
Nuestro Tiempo
|
| Έκδοση: | 6 |
| Ετικέτες: |
Προσθήκη ετικέτας
Δεν υπάρχουν, Καταχωρήστε ετικέτα πρώτοι!
|
MARC
| LEADER | 00000 a a2200000 04500 | ||
|---|---|---|---|
| 001 | 22563 | ||
| 003 | |||
| 040 | |||
| 020 | |a 968-427-038-0 | ||
| 090 | |a 154501 | ||
| 100 | |a Stavenhagen, Rodolfo | ||
| 245 | |a Sociología y subdesarrollo | ||
| 250 | |a 6 | ||
| 260 | |a México, D.F: |b Nuestro Tiempo | ||
| 300 | |a 234 p |b **no definido** | ||
| 999 | |c 1135 |d 1135 | ||



